El derecho al producto íntegro del trabajo: El estado democrático del trabajo (El estado socialista)
Guardado en:
| Format: | Bog |
|---|---|
| Sprog: | Spanish |
| Tags: |
Tilføj Tag
Ingen Tags, Vær først til at tagge denne postø!
|
MARC
| LEADER | 00000nam a22000007a 4500 | ||
|---|---|---|---|
| 003 | cru CRAI/IIS | ||
| 005 | 20191205114951.0 | ||
| 008 | 191205b2004 ES ||||| |||| 00| 0 spa d | ||
| 999 | |c 42717 |d 42717 | ||
| 020 | |a 84-8444-816-9 | ||
| 040 | |c cru CRAI/IIS | ||
| 090 | |a 13.01.01 M544d | ||
| 245 | 1 | 3 | |a El derecho al producto íntegro del trabajo: |b El estado democrático del trabajo (El estado socialista) |c Anton Menger |
| 942 | |2 ddc |c LI | ||



